Major Defenders Members Quiz Stats

 Plays Quiz not verified by Sporcle

Challenge
Share
Tweet
Embed
Score 0/55 Timer 12:00
0 Plays Today
Real Name Defender % Correct
Norrin RaddSilver Surfer
97.3%
Matthew 'Matt' MurdockDaredevil
97.3%
Charles Francis XavierProfessor X
97.3%
Johnny BlazeGhost Rider
97.3%
Robert 'Bobby' DrakeIceman
95.9%
Henry 'Hank' McCoyBeast
95.9%
Benjamin 'Ben' GrimmThe Thing
95.9%
Peter Benjamin ParkerSpider-Man
95.9%
Wanda MaximoffScarlet Witch
95.9%
Steven RogersCaptain America
95.9%
Warren Worthington IIIAngel
94.5%
Dr. Robert Bruce BannerHulk
94.5%
Janet Van DyneWasp
94.5%
Reed RichardsMr. Fantastic
94.5%
Jennifer WaltersShe-Hulk
94.5%
Piotr RasputinColossus
94.5%
Namor McKenzieThe Sub-Mariner
93.2%
Henry 'Hank' PymYellowjacket
93.2%
Clinton 'Clint' Francis BartonHawkeye
93.2%
T'ChallaBlack Panther
93.2%
Stephen StrangeDoctor Strange
91.8%
Daimon HellstromSon of Satan
91.8%
Namorita 'Nita' PrentissNamorita
91.8%
Carol DanversMs. Marvel
91.8%
Vlad Tepes DraculaDracula
91.8%
Simon WilliamsWonder Man
91.8%
Wade WilsonDeadpool
91.8%
Daniel 'Danny' RandIron Fist
91.8%
Real Name Defender % Correct
Patsy WalkerHellcat
90.4%
Anthony Ludgate DruidDoctor Druid
90.4%
Dane WhitmanBlack Knight
89%
Clea StrangeClea
87.7%
Marc Spector/Steven GrantMoon Knight
86.3%
Warlord KrangKrang
84.9%
Br├╝nnehildeValkyrie
82.2%
John WalkerUSAgent
80.8%
Kyle RichmondNighthawk
79.5%
Carl LucasLuke Cage
79.5%
Candace 'Candy' SouthernMarvel Girl II
74%
Tandy BowenDagger
74%
Heather DouglasMoondragon
72.6%
Isaac ChristiansGargoyle
68.5%
Andromeda AttumasenAndromeda
67.1%
Victor Shade/JonasVision
61.6%
Erik JostenAtlas
58.9%
Arthur Sampson DouglasDrax the Destroyer
57.5%
Tania BelinskyRed Guardian
53.4%
Theodore 'Ted' SallisMan-Thing
53.4%
InapplicableCloud
52.1%
Eric Simon PayneDevil-Slayer
47.9%
Michael CollinsDeathlok
38.4%
Mark Anthony ToddBlazing Skull
35.6%
Manuel Diego Armand VicenteJunta
31.5%
Pamela DouglasSundragon
30.1%
Jillian WoodsSepulchre
26%

You're not logged in!

Compare scores with friends on all Sporcle quizzes.
Join for Free
OR
Log In

You Might Also Like...

Show Comments

Extras

Created Nov 5, 2009ReportNominate
Tags:defender, major

Top Quizzes Today


Score Distribution

Your Account Isn't Verified!

In order to create a playlist on Sporcle, you need to verify the email address you used during registration. Go to your Sporcle Settings to finish the process.

Report this User

Report this user for behavior that violates our Community Guidelines.

Details: